Strengthening markets of high value fruits and vegetables in Mindanao : (Record no. 20884)

000 -LEADER
fixed length control field 00581cam a2200181 i 4500
020 ## - INTERNATIONAL STANDARD BOOK NUMBER
ISBN 9789715601597
040 ## - CATALOGING SOURCE
Transcribing agency DLC
082 ## - DEWEY DECIMAL CLASSIFICATION NUMBER
Classification number 334 GIL 2016 A035 Or.
100 1# - MAIN ENTRY--AUTHOR NAME
Personal name Llanto, Gilberto M.,
245 10 - TITLE STATEMENT
Title Strengthening markets of high value fruits and vegetables in Mindanao :
Remainder of title the case of transport and shipping service improvement /
300 ## - PHYSICAL DESCRIPTION
Number of Pages xv, 66 pages ;
Dimensions 26 cm
650 #0 - SUBJECT ADDED ENTRY--TOPICAL TERM
Topical Term Farm produce
650 #0 - SUBJECT ADDED ENTRY--TOPICAL TERM
Topical Term Fruit
650 #0 - SUBJECT ADDED ENTRY--TOPICAL TERM
Topical Term Vegetables
650 #0 - SUBJECT ADDED ENTRY--TOPICAL TERM
Topical Term Produce trade
710 2# - ADDED ENTRY--CORPORATE NAME
Corporate name or jurisdiction name as entry element SEAMEO Regional Center for Graduate Study and Research in Agriculture,
942 ## - ADDED ENTRY ELEMENTS (KOHA)
Koha item type ADB
952 ## - LOCATION AND ITEM INFORMATION (KOHA)
Withdrawn status [LOCAL, KOHA] 0
Holdings
Permanent Location Date acquired Koha item type Lost status Shelving location Barcode Current Location Full call number
Library Block A2023-01-10ADB A035a071357Library Block A334 GIL 2016 A035 Or.
មជ្ឈមណ្ឌលឯការនៃសាកលវិទ្យាល័យភូមិន្ទកសិកម្មចំការដូង

Powered by Koha